Normal view
MARC view
Entry Personal Name
001 - CONTROL NUMBER
- control field: 50478
003 - CONTROL NUMBER IDENTIFIER
- control field: ARRUPE
005 - DATE AND TIME OF LATEST TRANSACTION
- control field: 20211014103852.0
008 - FIXED-LENGTH DATA ELEMENTS
- fixed length control field: 211014|| aca||aabn | a|a d
040 ## - CATALOGING SOURCE
- Original cataloging agency: ARRUPE
- Transcribing agency: ARRUPE
100 ## - HEADING--PERSONAL NAME
- Personal name: Cochran, Sean,
- Dates associated with a name: 1971-
670 ## - SOURCE DATA FOUND
- Source citation: Work cat.: (ARRUPE)0: Cochran, Sean, 1971-, Complete conditioning for martial arts /, c2001.